Statistics for Ready to Run - One Direction (All Lyrics)

Click here to take the quiz!

General Stats

  • This quiz has been taken 16 times
  • The average score is 247 of 354

Answer Stats

Answer% Correct
run)
92%
run
92%
a
83%
can
83%
can't
83%
eyes
83%
I
83%
in
83%
of
83%
oh
83%
ready
83%
(Ready
83%
the
83%
This
83%
(This
83%
time
83%
to
83%
you
83%
your
83%
I'd
75%
I'll
75%
I'm
75%
it
75%
know,
75%
me
75%
never
75%
And
67%
and
67%
be
67%
boat
67%
But
67%
'Cause
67%
city
67%
dark
67%
deny
67%
Dont
67%
don't
67%
dont
67%
Don't
67%
Escape
67%
follow
67%
free
67%
from
67%
get
67%
it's
67%
lost
67%
make
67%
mine?
67%
night
67%
no
67%
out
67%
running
67%
sinking
67%
that
67%
Then
67%
There
67%
There's
67%
there's
67%
wanna
67%
we'll
67%
when
67%
Without
67%
yes,
67%
yours
67%
alive
58%
alright
58%
back.
58%
back,
58%
for
58%
inside
58%
lightning
58%
look
58%
now
58%
on
58%
sun
58%
way
58%
will
58%
always
50%
are,
50%
are
50%
around,
50%
belong
50%
change
50%
chasing
50%
every
50%
finally
50%
fine
50%
is
50%
keep
50%
love
50%
moment
50%
next
50%
place
50%
realize
50%
turn
50%
Unless,
50%
Wherever
50%
course,
42%
course
42%
criticize
42%
kind
42%
life
42%
my
42%
only
42%
smile
42%
stay
42%
young
42%
everything
33%
foresee
33%
gaining
33%
give
33%
speed
33%
devil
25%
future
25%
got
25%
rolling
25%
tide
17%
dak
8%
palce
8%

Score Distribution

Percentile by Number Answered

Percent of People with Each Score

Your Score History

You have not taken this quiz